000 00612nam a2200205Ia 4500
003 OSt
005 20241009084840.0
008 210210b1974 xxu||||| |||| 00| 0 eng d
040 _cAL
041 _aKannada
082 _a700K SHRA
100 _aSHRIDHARAMURTI (Ma).
_d ಶ್ರೀಧರಮೂರ್ತಿ (ಮಾ)
_9159190
245 _aAravatnalku Kalegalu.
_bಅರವತ್ನಾಲ್ಕು ಕಲೆಗಳು
260 _aBengaluru.
_bBengaluru Vishvavidyanilaya
_c1974
300 _axiii,68
650 _a64 Kalegalu.
_9159191
690 _aThe Arts
_9159192
906 _a036475
942 _2ddc
_cBK
999 _c87001
_d87001